|
|
|
|
| LEADER |
01488nam a2200289 a 4500 |
| 001 |
c000187932 |
| 003 |
CARM |
| 005 |
19941104000000.0 |
| 008 |
720818s1968 nyua b 101 0 eng |
| 019 |
1 |
|
|a 618307
|z 2587107
|5 LACONCORD2021
|
| 035 |
|
|
|a (OCoLC)219793641
|5 LACONCORD2021
|
| 040 |
|
|
|a LC
|b eng
|c LC
|d LC
|
| 050 |
|
4 |
|a TA710.A1
|b S67 1968
|
| 082 |
1 |
4 |
|a 624/.1513
|2 19
|
| 245 |
0 |
0 |
|a Placement and improvement of soil to support structures.
|
| 260 |
|
|
|a New York :
|b Soil Mechanics and Foundations Division, American Society of Civil Engineers,
|c [1968?]
|
| 300 |
|
|
|a 440 p. :
|b ill. ;
|c 23 cm.
|
| 500 |
|
|
|a "The ASCE Soil Mechanics and Foundations Division held a Specialty Conference on 'Placement and Improvement of Soil to Support Structure' on August 26 through 28, 1968 at the Massachusetts Institute of Technology" -- Foreword.
|
| 504 |
|
|
|a Includes bibliographies.
|
| 650 |
|
0 |
|a Soil stabilization
|x Congresses.
|
| 650 |
|
0 |
|a Soil consolidation
|x Congresses.
|
| 650 |
|
0 |
|a Foundations
|x Congresses.
|
| 710 |
2 |
|
|a American Society of Civil Engineers.
|b Soil Mechanics and Foundations Division.
|
| 711 |
2 |
|
|a Specialty Conference on Placement and Improvement of Soil to Support Structures,
|d (1968 :
|c Massachusetts Institute of Technology)
|
| 852 |
8 |
|
|b CARM
|h A2:AL37A0
|i B05623
|p 0252326
|f BK
|
| 999 |
f |
f |
|i 7086550a-f3ca-5c9e-8240-2419946033f3
|s 306a38cd-ecea-5aae-93eb-e360a175f87c
|
| 952 |
f |
f |
|p Can circulate
|a CAVAL
|b CAVAL
|c CAVAL
|d CARM 1 Store
|e B05623
|f A2:AL37A0
|h Other scheme
|i book
|m 0252326
|